Statistics for Pokémon GO: Highest CP Psychic-type Pokémon

Click here to take the quiz!

General Stats

  • This quiz has been taken 23 times
  • The average score is 15 of 21

Answer Stats

Max CPAnswer% Correct
5099Mega Alakazam
91%
3691Mew
91%
4724Mewtwo
91%
3968Latias
82%
4310Latios
82%
4570Lunala
82%
5101Mega Gardevoir
82%
5428Mega Latias
82%
5661Mega Latios
82%
4490Meloetta
82%
3691Celebi
73%
3691Jirachi
73%
4186Lugia
73%
4570Solgaleo
73%
3797Hoopa (Confined)
64%
4530Hoopa (Unbound)
64%
4286Metagross
64%
3691Victini
64%
4245Mega Slowbro
45%
3950Tapu Lele
36%
4059Articuno (Galarian)
18%

Score Distribution

Percentile by Number Answered

Percent of People with Each Score

Your Score History

You have not taken this quiz